| 000 | 00909nam a2200217 a 4500 | ||
|---|---|---|---|
| 008 | 120416s2001 ||||||||||||||||| || u | ||
| 020 | _a0130180793 | ||
| 050 | _aHG 1811 Fab | ||
| 100 | _aJones, Frank J | ||
| 245 | 1 | 0 | _aFoundations of financial markets and institutions. (3rd ed.) |
| 250 | _a3rd ed. | ||
| 260 |
_aUpper Saddle River, N.J.: _bFT Prentice-Hall _c2001 |
||
| 300 | _axxviii, 663p. : ill. | ||
| 350 | _a0.00 | ||
| 650 | 0 | _aFINANCE--DEVELOPING COUNTRIES | |
| 650 | _aFINANCIAL INSTITUTIONS | ||
| 700 | _aFabozzi, Frank J | ||
| 700 | _aFerri, Michael G | ||
| 995 |
_aMAIN LIBRARY OPEN ACCESS _D0.00 _e735445 _FCBU-MAIN LIBRARY (Kitwe) _H1 _I50.00 _jHG 1811 Fab _M1 _UAVAILABLE _WJun 12, 2006 _y40481 _ZMain Library Open Access Collection |
||
| 995 |
_aMAIN LIBRARY OPEN ACCESS _D0.00 _e727186 _FCBU-MAIN LIBRARY (Kitwe) _H1 _I21.95 _jHG 1811 Fab _M1 _UAVAILABLE _y000058 _ZMain Library Open Access Collection |
||
| 999 |
_c63268 _d63268 |
||